000 01072nam a2200301 i 4500
001 188460
003 ES-MaACL
005 20240125063200.0
008 181120s2008 xxk |||| | eng d
020 _a978-0-19-953567-5
080 _a821.111(415)-31"19"
100 1 _aJoyce, James,
_d1882-1941
_967077
245 1 0 _aUlysses /
_cJames Joyce ; edited with an introduction and notes by Jeri Johnson.
246 3 4 _aUlysses
_b: the 1922 text
250 _aReissued 2008.
260 _aOxford :
_bOxford University Press,
_c2008.
300 _aLXIX, 980 p. :
_b1 plano ;
_c20 cm.
490 1 _aOxford world's classics
504 _aBibliografía: p. LVII-LXII.
504 _aCronología: p. LXIII-LXIX.
700 1 _aJohnson, Jeri.
_9165602
830 0 _aOxford world's classics
_9193060
852 _aES-MaACL
_jA-14265
_9195590
_bR.151788
_cDEPO1
_dOlim: N-7265
_hDonacion: Embajada de Irlanda
914 _9234032
_aEmbajada de Irlanda en España
_ednr
942 _2udc
_cMONOGRAFIA
999 _c188460
_d188460